000 00462nam a22001817a 4500
003 MPLRDC
005 20220104143530.0
008 210129b ||||| |||| 00| 0 eng d
020 _a981-04-2502-3
082 _a848.3 ZXX v.22
100 _a张小娴
245 _a永不永不说再见
_c
250 _a初版二刷
260 _a新加坡
_b皇冠出版社(新)有限公司
_c2000
300 _b219
650 _a现代别集
942 _cBK
_o848.3 ZXX v.22
999 _c40828
_d40818